04042nam a22003257a 4500003000900000008004100009040007100050082002300121110004200144245004600186260003200232300005900264440009800323505291700421650002803338650002203366650001403388650002603402650002303428650002003451650001503471700003003486700002703516700003003543700002803573700003103601700002903632700002903661700002603690AR-CdUCM190425b ||||| |||| 00| 0 spa d aMUNICIPALIDAD PROVINCIAL DEL CUSCOcBIBLIOTECA MUNICIPAL DEL CUSCO aRev.IAAC/N°7/1954 aInstituto Americano de Arte del Cuzco aRevista del Instituto Americano de Arte / aCusco :bH.G. Rozas,c1952. a380 [6] páginas. :bilustraciones, laminas ;c24 cm. aRevista del Instituto Americano de Arte Cuzco.nAño VII, [?] semestre de 1954, N°7. Vol.II aContenido: La intangibilidad de las toponimias aborígenes. M. B. Farfán. -- Significado del Cuzco. Mario Escobar Moscoso. -- El problema de la renovación educacional y la educación experimental. José Portugal. -- Educación fundamental. Víctor Manuel Moreno Morales. -- Las clases sociales en el imperio incaico. Hermann Trimborn. -- La angustia el existencialismo y América Latina. Fernando Manrique. -- El Santuario de Nuestra Señora de Cocharcas. Julio G. Gutiérrez. -- Arte Franciscano en el Perú. Harold E. Wethey. -- La Catedral de Cajamarca. Horacio Villanueva Urteaga. -- La incanidad del Ollantay. Alfredo Yépez Miranda. -- Dos mujeres pasionales. Margarita Mendizábal. -- Oblación a tres amigos muertos. Carlos Gregorio Taborga. -- Cesar vallejo. Roman Saavedra. -- Pórtico. Eustaquio Kallata. -- Jardín Opalescente. Alberto Delgado Díaz. -- Tríptico Calca Urubamba y Paucartambo. Luis Felipe Paredes. -- Estampas del Cuzco el ultimo altar y semblanza del Corpus. Pancho Fierro. -- Los Ayarachis de Paratía. Amadeo Landaeta Basadre. -- El ultimo de los Huarancca. Carlos Valer Portocarrero. -- La planchadora. Mario Alberto Gilt Contreras. -- El seudónimo. Cuadros y Villena. -- El ultimo Likichiri y la leyenda de la taruka. Mario Franco Inojoza. -- Asiru Patjjata leyenda Aymara. Alberto Cuentas. -- Saantia la hija de Huiracocha. José Portugal. -- Las aves que engañaron a Dios. Efraín Morote Best. -- El novenante. Lizandro Luna. -- Horizontes roturados. Eustaquio Kallata. -- Los cuatreros. Héctor Cano Torres. -- Perú Suyoq Qollanan Himno nacional. -- Salutación al libertador Simón Bolívar. José Domingo Choquehuanca. -- La agonía de los cristales poesía. Arturo Castro. -- Escuela de labriegos y ángeles poemas para el hombre, otro vivir, de una teoría sobre los ángeles. Gustavo Pérez Ocampo. -- 5 poemas. Dante Nava. -- La phasña Julicha. Aurelio Martínez Escobar. -- Nostalgia y otras poesías. Julio Enríquez Torres. -- Poema de la madre muerta. Alberto Cuentas. -- Ideólogo de la peruanidad Francisco García Calderón. Luis Felipe Paredes. -- A propósito de la Antología de las letras puneñas. Fernando Manrique. -- Pintura contemporánea cuzqueña. Mariano Fuentes Lira. Rigoberto Villaroel Claure. -- Valores musicales del Cuzco Baltazar Zegarra. Ernesto Corvacho. -- La ciudad y el campo el problema indígena. Héctor Isaías Loayza Guerra. -- Linguistica nacional sobre el alfabeto Qheswa. J.M.B. Farfán. -- Academia de las lenguas nativas. Fernando Manrique. -- Notículas incubadora de generaciones cuasi julepe. E. Kallata. -- El arte en el imperio de los Incas por Heinrich Ubbelohde Doering. Manuel Chávez Ballón. -- Pequeños ensayos por Luis Felipe Paredes. Carlos Gregorio Taborga. -- Página Musical. Recuerdos del Cuzco música de Baltazar Zegarra y letra de Luis Nieto. aTradiciones cusqueñas aFiestas populares aFolcklore aLiteratura cusqueña aPoetas cusqueños aArte cusqueño aQorikancha aGutiérrez Loayza, Julio aEscobar Moscoso, Mario aChávez Ballón, Manuel aPérez Ocampo, Gustavo aVillanueva Urtega, Horacio aYépez Miranda, Alfredo aLandaeta Basadre, Amadeo aMorote Best, Efraín